Classification of the World's Columbian Exposition Chicago, U.S.A., 1893 / (Record no. 44682)

MARC details
000 -LEADER
campo de control de longitud fija 00674nam a2200169 i 4500
001 - NÚMERO DE CONTROL
campo de control 44682
003 - IDENTIFICADOR DE NÚMERO DE CONTROL
campo de control ES-MaACL
005 - FECHA Y HORA DE LA ÚLTIMA TRANSACCIÓN
campo de control 20230906161057.0
007 - CAMPO FIJO DE DESCRIPCIÓN FÍSICA--INFORMACIÓN GENERAL
campo de control de longitud fija t|
008 - DATOS DE LONGITUD FIJA--INFORMACIÓN GENERAL
campo de control de longitud fija 030324q1891 xxu ||||1| eng d
245 00 - MENCIÓN DEL TÍTULO
Título Classification of the World's Columbian Exposition Chicago, U.S.A., 1893 /
Mención de responsabilidad, etc. adapted by the World's Columbian Comision.
260 ## - PUBLICACIÓN, DISTRIBUCIÓN, ETC.
Lugar de publicación, distribución, etc. Chicago :
Nombre del editor, distribuidor, etc. Donohue & Henneberry,
Fecha de publicación, distribución, etc. 1891.
300 ## - DESCRIPCIÓN FÍSICA
Extensión 122 p. :
Otras características físicas il. ;
Dimensiones 23 cm.
500 ## - NOTA GENERAL
Nota general Clasificacion de la Exposición Universal colombina de Chicago. E.U. de A. de 1893, adoptada por la comision de la misma.
611 0# - PUNTO DE ACCESO ADICIONAL DE MATERIA--NOMBRE DE REUNIÓN/CONGRESO
Nombre de congreso/reunión o jurisdicción como elemento de entrada World's Columbian Exposition.
Fecha del congreso o de la firma del tratado 1893.
Sede del congreso/Lugar de la reunión Chicago)
9 (RLIN) 135144
852 ## - LOCALIZACIÓN
Ubicación ES-MaACL
Número de control de estantería T-540-F-2
Holdings
Estatus retirado Estado de pérdida Estado de daño No para préstamo Colección Biblioteca de origen Biblioteca actual Ubicación en estantería Fecha de adquisición Fuente de adquisición Total de préstamos Signatura topográfica completa Código de barras Visto por última vez Precio de reemplazo Tipo de ítem Koha
        Colección de folletos Biblioteca del Ateneo de Madrid Biblioteca del Ateneo de Madrid Depósito folletos 17/01/2008     T-540-F-2 1047026 23/02/2023 23/02/2023 Folleto